Sports Quiz

Random Sports or Letter Quiz
Score 0/10 Timer 01:30
3 Plays Today
% Correct
Bruins
94.7%
Penguins
89.3%
Ducks
81.1%
Blackhawks
74.1%
Panthers
70.7%
Blues
70.5%
Blue Jackets
67.9%
Predators
62.4%
Devils
61.5%
Maple Leafs
60.2%
Remove Ads.
Support Sporcle.
Get the best of Sporcle when you Go Orange. This ad-free experience offers more features, more stats, and more fun while also helping to support Sporcle. Thank you for becoming a member.

You're not logged in!

Compare scores with friends on all Sporcle quizzes.
OR
Log In

Show Comments

Extras

Top Quizzes Today


Score Distribution

Your Account Isn't Verified!

In order to create a playlist on Sporcle, you need to verify the email address you used during registration. Go to your Sporcle Settings to finish the process.

Report this User

Report this user for behavior that violates our Community Guidelines.

Details: